| 000 | 00404nam a2200145 i 4500 | ||
|---|---|---|---|
| 001 | 60439 | ||
| 003 | ES-MaACL | ||
| 007 | t| | ||
| 008 | 031104s1923 ag ||||1| spa d | ||
| 100 | 1 |
_aEscudero, Pedro. _947695 |
|
| 245 | 1 | 0 |
_aTratamiento de la diabetes / _cPedro Escudero. |
| 260 |
_aBuenos Aires : _bPedro GarcĂa, _c1923 ( _fFerrari Hnos.) |
||
| 300 |
_a266 p. ; _c24 cm. |
||
| 852 |
_aES-MaACL _jE-605 |
||
| 999 |
_c60439 _d60439 |
||